00549nam a2200193Ia 4500008004100000020001500041050001400056100001800070245002600088245001800114260001600132260002000148260000900168300001400177300002800191300001000219999001900229952010700248170918s9999 xx 000 0 und d a1883672422 bM913 1996 aMoss, Marissa aAmelia writes again / cMarissa Moss. aSingapore : bTrycycle Press, c1996 aunpaged : bcolored illustrations ; c26cm. c343546d343546 001040aSSISMbSSISMd2017-09-18l0oGS FIC M913 1996pSSISM2618r2017-09-18 00:00:00w2017-09-18yBK